000 00301nam a22001217a 4500
082 _a220 PRO
100 _aSUBTAIN,SHERJEEL,
_972387
245 _aPR-SOF-1070-QUADROCOPTER
260 _aISLAMABAD
_bNUST COLLEGE OF EME
_c2011
650 _aDE-COMP-29
700 _aDR SHOAB A KHAN
_918474
942 _cCR
999 _c578443
_d578443